सत्यजित राय : (Record no. 11993)
[ view plain ]
| 000 -LEADER | |
|---|---|
| fixed length control field | 02094 a2200217 4500 |
| 008 - FIXED-LENGTH DATA ELEMENTS--GENERAL INFORMATION | |
| fixed length control field | 090304t xxu||||| |||| 00| 0 eng d |
| 010 ## - LCCN (DPL NO) | |
| LC control number | BPPD-H12 B-302939-942 |
| 020 ## - INTERNATIONAL STANDARD BOOK NUMBER | |
| International Standard Book Number | 9788126712625 |
| Terms of availability | 250.00 |
| 082 ## - DEWEY DECIMAL CLASSIFICATION NUMBER | |
| Classification number | 791.437 |
| 100 ## - MAIN ENTRY--PERSONAL NAME | |
| Personal name | मिश्र, महेन्द्र |
| 245 ## - TITLE STATEMENT | |
| Title | सत्यजित राय : |
| Statement of responsibility, etc | महेन्द्र मिश्र |
| Remainder of title | पथेर पांचाली और फिल्म जगत / |
| 260 ## - PUBLICATION, DISTRIBUTION, ETC. (IMPRINT) | |
| Place of publication, distribution, etc | नई दिल्ली |
| Name of publisher, distributor, etc | राजकमल प्रकाशन |
| Date of publication, distribution, etc | 2007 |
| 270 ## - ADDRESS | |
| Address | 1-बी, नेताजी सुभाष मार्ग, |
| City | नई दिल्ली |
| State or province | दिल्ली |
| Postal code | 110002 |
| 300 ## - PHYSICAL DESCRIPTION | |
| Extent | 188पृ. |
| Dimensions | 22 सेमी (सजिल्द) |
| 942 ## - ADDED ENTRY ELEMENTS (KOHA) | |
| Institution code [OBSOLETE] | dpl |
| Item type | Hindi Books |
| Call number prefix | |
| Source of classification or shelving scheme | Dewey Decimal Classification |
| Classification part | 791.437 |
| Call number suffix | मिश्रम |
| Withdrawn status | Lost status | Source of classification or shelving scheme | Damaged status | Not for loan | Collection code | Home library | Current library | Date acquired | Source of acquisition | Cost, normal purchase price | Total Checkouts | Full call number | Barcode | Date last seen | Copy number | Cost, replacement price | Koha item type | Total Renewals | Public note |
|---|---|---|---|---|---|---|---|---|---|---|---|---|---|---|---|---|---|---|---|
| Written off | Dewey Decimal Classification | Non-fiction | Karol Bagh | Karol Bagh | 04/03/2009 | राजकमल प्रकाशन/1925/30.9.08/413/4.9.08/8.10.08 | 250.00 | 791.437 मिश्रम | B-302941 | 04/03/2009 | 1 | 250.00 | Hindi Books | Written off on approval by DLB (By Circulation); dtd 20.12.2022 | |||||
| Dewey Decimal Classification | Non-fiction | Patel Nagar | Patel Nagar | 04/03/2009 | राजकमल प्रकाशन/1925/30.9.08/413/4.9.08/8.10.08 | 250.00 | 791.437 मिश्रम | B-302939 | 04/03/2009 | 1 | 250.00 | Hindi Books | |||||||
| Dewey Decimal Classification | Non-fiction | Sarojini Nagar | Sarojini Nagar | 04/03/2009 | राजकमल प्रकाशन/1925/30.9.08/413/4.9.08/8.10.08 | 250.00 | 8 | 791.437 मिश्रम | B-302940 | 03/10/2017 | 1 | 250.00 | Hindi Books | 3 | |||||
| Dewey Decimal Classification | Non-fiction | Shahdara Branch | Shahdara Branch | 04/03/2009 | राजकमल प्रकाशन/1925/30.9.08/413/4.9.08/8.10.08 | 250.00 | 791.437 मिश्रम | B-302942 | 04/03/2009 | 1 | 250.00 | Hindi Books |
